Big Nate in the zone / (Record no. 1909)

MARC details
000 -LEADER
fixed length control field 01558cam a22003737i 4500
005 - DATE AND TIME OF LATEST TRANSACTION
control field 20231010091327.0
020 ## - INTERNATIONAL STANDARD BOOK NUMBER
International Standard Book Number 9780061996658
020 ## - INTERNATIONAL STANDARD BOOK NUMBER
International Standard Book Number 0061996653
020 ## - INTERNATIONAL STANDARD BOOK NUMBER
International Standard Book Number 9780061996665 (lib. bdg.)
020 ## - INTERNATIONAL STANDARD BOOK NUMBER
International Standard Book Number 0061996661 (lib. bdg.)
040 ## - CATALOGING SOURCE
Original cataloging agency YDXCP
Transcribing agency YDXCP
Description conventions rda
Modifying agency BTCTA
-- BDX
-- UKMGB
-- DYJ
-- WIM
-- RS$
-- DCH
-- DLC
050 00 - LIBRARY OF CONGRESS CALL NUMBER
Classification number PZ7.P361
Item number Big 2013
082 04 - DEWEY DECIMAL CLASSIFICATION NUMBER
Classification number 741.5/973
Edition number 23
100 1# - MAIN ENTRY--PERSONAL NAME
Personal name Peirce, Lincoln,
Relator term author,
-- artist.
245 10 - TITLE STATEMENT
Title Big Nate in the zone /
Statement of responsibility, etc. Lincoln Peirce.
250 ## - EDITION STATEMENT
Edition statement First edition.
260 ## - PUBLICATION, DISTRIBUTION, ETC.
Place of publication, distribution, etc. New York :
Name of publisher, distributor, etc. Harper,
Date of publication, distribution, etc. 2014
300 ## - PHYSICAL DESCRIPTION
Extent 216 pages :
Other physical details illustrations ;
Dimensions 22 cm.
490 0# - SERIES STATEMENT
Series statement Big Nate ;
Volume/sequential designation 6
520 ## - SUMMARY, ETC.
Summary, etc. "The latest illustrated novel from Lincoln Peirce is a laugh-out-loud must-read starring the one and only cartooning genius, king of detention, and Cheez Doodle connoisseur, Nate Wright. Nate's not having the best of luck . . . in fact; he's not having ANY luck. But with a little boost thanks to Chad's lucky foot, suddenly good luck is everywhere Nate turns! Nate's in the zone! But how long will it last?" --
Assigning source from publisher's web site.
521 ## - TARGET AUDIENCE NOTE
Target audience note 470 <br/>
Source Lexile GN
521 ## - TARGET AUDIENCE NOTE
Target audience note H <br/>
Source Raz-Plus
650 #0 - SUBJECT ADDED ENTRY--TOPICAL TERM
Topical term or geographic name entry element Middle schools
Form subdivision Juvenile fiction.
650 #0 - SUBJECT ADDED ENTRY--TOPICAL TERM
Topical term or geographic name entry element Schools
Form subdivision Juvenile fiction.
650 #0 - SUBJECT ADDED ENTRY--TOPICAL TERM
Topical term or geographic name entry element Conduct of life
Form subdivision Juvenile fiction.
650 #0 - SUBJECT ADDED ENTRY--TOPICAL TERM
Topical term or geographic name entry element Fortune
Form subdivision Juvenile fiction.
650 #0 - SUBJECT ADDED ENTRY--TOPICAL TERM
Topical term or geographic name entry element Graphic novels.
650 #1 - SUBJECT ADDED ENTRY--TOPICAL TERM
Topical term or geographic name entry element Middle schools
Form subdivision Fiction.
650 #1 - SUBJECT ADDED ENTRY--TOPICAL TERM
Topical term or geographic name entry element Schools
Form subdivision Fiction.
650 #1 - SUBJECT ADDED ENTRY--TOPICAL TERM
Topical term or geographic name entry element Conduct of life
Form subdivision Fiction.
650 #1 - SUBJECT ADDED ENTRY--TOPICAL TERM
Topical term or geographic name entry element Luck
Form subdivision Fiction.
942 ## - ADDED ENTRY ELEMENTS (KOHA)
Source of classification or shelving scheme Dewey Decimal Classification
Koha item type Books
Suppress in OPAC No
999 ## -
-- 1909
-- 1909
Holdings
Withdrawn status Lost status Source of classification or shelving scheme Damaged status Not for loan Collection Home library Current library Shelving location Date acquired Total Checkouts Full call number Barcode Date last seen Date last checked out Price effective from Koha item type
Withdrawn Lost and Paid For Dewey Decimal Classification     Juvenile Fiction Footprints International School Library Network Toul Kork Campus Footprints International School Library Network Toul Kork Campus TK Primary Library Room(4th Floor), Bookcase 1&2, Shelves 1-16, Dark Blue Books 10/10/2023 2 PEI 741.5 PZ7.P535 FISTK00145 05/02/2024 05/02/2024 10/10/2023 Books